30 biggest cities in Florida - Statistics

General Stats
  • This quiz has been taken 87 times
  • The average score is 19 of 30
Answer Stats
Population CIty % Correct
985,843 Jacksonville
97%
455,924 MIami
97%
320,742 Orlando
96%
202,221 Tallahassee
96%
403,364 Tampa
94%
263,553 St. Petersburg
89%
184,255 Fort Lauderdale
83%
224,455 Cape Coral
79%
145,812 Gainesville
79%
245,021 Port St. Lucie
73%
124,130 West Palm Beach
73%
221,300 Hialeah
71%
116,850 Clearwater
69%
153,859 Hollywood
69%
97,372 Fort Myers
66%
122,264 Lakeland
63%
135,566 Palm Bay
54%
113,619 Pompano Beach
54%
138,319 Miramar
53%
134,906 Coral Springs
51%
110,717 Miami Gardens
50%
171,119 Pembroke Pines
50%
99,974 Boca Raton
47%
98,739 Deltona
46%
107,799 Davie
41%
102,113 Palm Coast
39%
96,808 Sunrise
37%
96,548 Plantation
36%
87,325 Deerfield Beach
34%
88,934 North Port
30%
No matching quizzes found
Score Distribution
Percent of People with Each Score
Percentile by Number Answered
Your Score History
You have not taken this quiz